Las Naciones Unidas rumbo a sus 60 años de fundación : desafíos y perspectivas para el siglo XXI : memorias del seminario internacional /

Salvato in:
Dettagli Bibliografici
Ente Autore: Seminario Internacional Las Naciones Unidas Rumbo a sus 60 Años de Fundación ( México)
Altri autori: Toro Hernandez, María Celia (coordinación) (coordinación), González Saiffe, Fernando (coordinación) (coordinación), Medina Plascencia, Carlos (introducción) (introducción)
Natura: Atti del Convegno Libro
Lingua:spagnolo
Soggetti:
Tags: Aggiungi Tag
Nessun Tag, puoi essere il primo ad aggiungerne!!

MARC

LEADER 00000nam^a2200000^a^4500
001 000380932
005 20250625000000.0
009 20260310120629.653
037 |a Acervo ITESO - Biblioteca 
041 |a ESP 
082 |a 341. 23  |b SEM 2004 
111 |a Seminario Internacional Las Naciones Unidas Rumbo a sus 60 Años de Fundación (  |d 2004 :  |c México) 
245 1 4 |a Las Naciones Unidas rumbo a sus 60 años de fundación :  |b desafíos y perspectivas para el siglo XXI : memorias del seminario internacional /  |c Coord. de F. González Saiffe, M.C. Toro Hernandez ; introd. de C. Medina Plascencia. 
264 |a México :  |b Congreso de la Unión, Cámara de Diputados, LIX Legislatura,  |c 2005 
300 |a 338 p. 
336 |a texto  |b txt  |2 rdacontenido 
337 |a sin mediación  |b n  |2 rdamedio 
338 |a volumen  |b nc  |2 rdasoporte 
649 |a XX 
650 |a Mujeres -  |x Condiciones Políticas 
650 |a ONU -  |x Historia 
650 |a ONU -  |x Congresos -  |x Tema Principal 
650 |a Organizaciones Internacionales 
650 |a Justicia -  |x Administración 
650 |a Medio Ambiente 
650 |a Terrorismo 
650 |a Guerra y Paz 
650 |a Seguridad Internacional 
650 |a Derechos Humanos 
650 |a Multilateralismo 
650 |a Política Internacional 
650 |a Derecho Internacional Público 
700 |a Toro Hernandez, María Celia  |e (coordinación) 
700 |a González Saiffe, Fernando  |e (coordinación) 
700 |a Medina Plascencia, Carlos  |e (introducción) 
910 |a Fondo General 
920 |a Impresos - Libros 
930 |a Colección General 
905 |a 101 
901 |a 0500275944  |b IT1  |c ACC  |d DT  |i D77594  |u 20250625 
901 |a 0500275947  |b IT1  |c ACC  |d DT  |i D77571  |u 20250625 
902 |a https://opac.biblio.iteso.mx/vufind/Record/000380932